000 00529nam a2200205Ia 4500
005 20260429112122.0
008 260429s9999||||xx |||||||||||||| ||und||
020 _a9789354799341
041 _aEnglish
082 _a370.152
_bJON
100 _aJones, Karen
245 0 _aChallenging gender stereotypes in education /
_cKaren Jones
250 _a1st ed.
260 _aNew Delhi :
_bSage,
_c2025.
300 _axii, 191 p.; pbk
650 _a Stereotypes
650 _a Young people
650 _aEducation
942 _cTB
999 _c52448
_d52448